[Event "POL-chT U20 1st League"]
[Site "Suchedniow"]
[Date "2016.07.30"]
[Round "8.19"]
[White "Winiarski, Mikolaj"]
[Black "Bilczewski, Kacper"]
[Result "1/2-1/2"]
[WhiteElo "2209"]
[BlackElo "2092"]
[PlyCount "94"]
[EventDate "2016.07.23"]
[EventType "team-tourn"]
[EventRounds "9"]
[EventCountry "POL"]
[SourceTitle "EXT 2019"]
[Source "ChessBase"]
[SourceDate "2018.10.10"]
[SourceVersion "1"]
[SourceVersionDate "2018.10.10"]
[SourceQuality "1"]

1. d4 d6 2. e4 Nf6 3. Nc3 e5 4. Nf3 Nbd7 5. Bc4 Be7 6. 0-0 0-0 7. h3 c6 8. a4 a5 9. Re1 exd4 10. Qxd4 Nb6 11. Ba2 Ne8 12. Bf4 Be6 13. Bxe6 fxe6 14. e5 d5 15. Bg3 g6 16. Bh4 Bxh4 17. Nxh4 Ng7 18. Nf3 Nd7 19. Qd2 Rf5 20. Ra3 Qc7 21. Qe3 Raf8 22. Nb1 R8f7 23. Nbd2 Qb6 24. Rb3 Qxe3 25. Rbxe3 Rf4 26. b3 Rf8 27. Rf1 c5 28. Rfe1 Nb8 29. c4 d4 30. Re4 R4f5 31. R1e2 Nc6 32. Ne1 Nb4 33. Nb1 b6 34. Na3 R5f7 35. Rd2 Rf4 36. Ree2 Rd8 37. Nd3 Nxd3 38. Rxd3 Rff8 39. Nb5 Nf5 40. g3 Rf7 41. Kg2 Rfd7 42. g4 Ne7 43. f4 Nc6 44. Nd6 Kg7 45. h4 Rf8 46. Rf3 Ne7 47. Ref2 Nc6 1/2-1/2

[Event "Warsaw Najdorf Memorial op-A 14th"]
[Site "Warsaw"]
[Date "2016.07.13"]
[Round "6"]
[White "Winiarski, Mikolaj"]
[Black "Lewicki, Miroslaw"]
[Result "1-0"]
[WhiteElo "2209"]
[BlackElo "2329"]
[PlyCount "107"]
[EventDate "2016.07.08"]
[EventType "swiss"]
[EventRounds "9"]
[EventCountry "POL"]
[SourceTitle "CBM 173 Extra"]
[Source "ChessBase"]
[SourceDate "2016.08.29"]
[SourceVersion "1"]
[SourceVersionDate "2016.08.29"]
[SourceQuality "1"]

1. d4 Nf6 2. c4 e6 3. Nc3 d5 4. cxd5 exd5 5. Bg5 Nbd7 6. e3 Be7 7. Bd3 b6 8. Nge2 Bb7 9. 0-0 0-0 10. Rc1 h6 11. Bh4 c5 12. f3 Re8 13. Bf2 Bd6 14. Kh1 a6 15. a4 c4 16. Bb1 Bc6 17. g4 b5 18. axb5 axb5 19. Ng3 Bxg3 20. hxg3 b4 21. Ne2 Bb5 22. Kg2 g5 23. Rh1 Kg7 24. Ng1 Nb6 25. Nh3 Na4 26. Qc2 Qa5 27. Nxg5 hxg5 28. Qf5 Qd8 29. Qxg5+ Kf8 30. Rh8+ Ke7 31. Qe5+ Kd7 32. Rxe8 Nxe8 33. Qxd5+ Nd6 34. e4 Bc6 35. Qh5 Nxb2 36. e5 Nb5 37. Qxf7+ Qe7 38. Bf5+ Kd8 39. Qg6 Be8 40. Qh6 Nc7 41. d5 Nxd5 42. Bb6+ Nxb6 43. Qxb6+ Qc7 44. Qd4+ Ke7 45. Qxb2 Qc5 46. Qd2 Ra6 47. Rh1 Kf7 48. e6+ Kf8 49. Rh8+ Ke7 50. Rh7+ Kf6 51. Qh6+ Ke5 52. Qg7+ Kd5 53. Be4+ Kd6 54. Qe7+ 1-0